Home Print Resources E-Books E-Journals IIMT Lecture Series Library Membership Form Book Recommendation Form Campus Tour Take AdmissionAbout Us Contact Us

BEHAVIOURAL PROCESSES IN ORGANIZATION (Record no. 7896)

000 -LEADER
fixed length control field 00327nam a2200133Ia 4500
003 - CONTROL NUMBER IDENTIFIER
control field OSt
005 - DATE AND TIME OF LATEST TRANSACTION
control field 20230726111000.0
008 - FIXED-LENGTH DATA ELEMENTS--GENERAL INFORMATION
fixed length control field 170524s9999 xx 000 0 und d
040 ## - CATALOGING SOURCE
Transcribing agency IIMT UNIVERSITY
100 ## - MAIN ENTRY--PERSONAL NAME
Personal name PAREEK- U
245 #0 - TITLE STATEMENT
Title BEHAVIOURAL PROCESSES IN ORGANIZATION
260 ## - PUBLICATION, DISTRIBUTION, ETC.
Name of publisher, distributor, etc. OXFORD UNIVERSITY PRESS
942 ## - ADDED ENTRY ELEMENTS (KOHA)
Source of classification or shelving scheme
Koha item type Book Bank
Holdings
Withdrawn status Lost status Source of classification or shelving scheme Damaged status Not for loan Home library Current library Date acquired Total Checkouts Barcode Date last seen Price effective from Koha item type
          IIMT University Central Library Meerut IIMT University Central Library Meerut 05/30/2017   01-B-84967 05/30/2017 05/30/2017 Book Bank
          IIMT University Central Library Meerut IIMT University Central Library Meerut 05/30/2017   01-B-86048 05/30/2017 05/30/2017 Book Bank
          IIMT University Central Library Meerut IIMT University Central Library Meerut 05/30/2017   01-B-86049 05/30/2017 05/30/2017 Book Bank
IIMT, Central Library. All Rights Reserved IIMT,UNIVERSITY © 2023
Implemented and Customised by I CLOUDE EMS
You Are OPAC Visitor No
free web counter

Powered by Koha